| 000 | 00000nam 2200000za 4500 |
| 001 | 9.570879 |
| 003 | CaOODSP |
| 005 | 20230602134738 |
| 007 | cr ||||||||||| |
| 008 | 150406|2008||||xxc|||||o f|0| 0 eng d |
| 022 | |a1919-5087 |
| 040 | |aCaOODSP|beng |
| 043 | |an-cn--- |
| 086 | 1 |aFs70-6/2008-059E-PDF |
| 110 | 1 |aCanada. |bDepartment of Fisheries and Oceans. |bGulf Region. |
| 245 | 10|aEcological assessment of Irish moss (Chondrus crispus) in basin head marine protected area |h[electronic resource] |
| 246 | 1 |aGulf Region - Irish moss in basin head MPA |
| 260 | |aMoncton - New Brunswick : |bFisheries and Oceans Canada. |cFebruary 2009. |
| 300 | |a16p.|bcoloured illus., graphs, maps (some coloured), references, photographs |
| 490 | 1 |aCanadian Science Advisory Secretariat science advisory report |x1919-5087|v2008/059, Gulf Region |
| 590 | |a11-21-Supp|b2011-09-30 |
| 775 | 08|tÉvaluation écologique de la mousse d'Irlande (Chondrus crispus) de la zone de protection marine basin head |w(CaOODSP)9.601523 |
| 830 | #0|aScience advisory report (Canadian Science Advisory Secretariat)|x1919-5087|v2008/059, Gulf Region|w(CaOODSP)9.506226 |
| 856 | 40|ahttp://publications.gc.ca|qPDF|s292 KB|uhttps://publications.gc.ca/collections/collection_2011/mpo-dfo/Fs70-6-2008-059-eng.pdf|y2008/059, Gulf Region |